000 00740cab a2200241 4500
001 WB2804-57
008 090401t1992 xxu||||| |||| 00| 0 eng d
035 _a(Sirsi) u13330
041 _aeng
245 _aJohn D Wood goes into the red
260 _c1992
350 _a0
490 _aFinancial Times
_v22 January 1992, 20
490 _aDaily Telegraph
_v22 January 1992, 23(1)
520 _aJohn D Wood, the USM-quoted estate agent, incurred a pre-tax loss of £194,000 in the six months to 31 October 1991.
650 _aESTATE AGENTS
650 _aLISTED COMPANIES
650 _aQUOTED COMPANIES
650 _aRESULTS
690 _aMANAGEMENT-BUSINESS MANAGEMENT-PROFESSIONAL PRACTICE
942 _n0
948 _c04/03/1997
999 _c8590
_d8590